Sociální politika v ekonomické praxi vybrané problémy
Na minha lista:
| Autor principal: | |
|---|---|
| Formato: | Livro |
| Idioma: | tcheco |
| Publicado em: |
Praha
Vysoká škola ekonomická. Nakladatelství Oeconomica
2005
|
| Assuntos: | |
| Tags: |
Sem tags, seja o primeiro a adicionar uma tag!
|
MARC
| LEADER | 00000nam$a2200000$$$4500 | ||
|---|---|---|---|
| 001 | 0044438 | ||
| 005 | 20220818114748.6 | ||
| 020 | |a 80-245-0850-8 | ||
| 041 | 0 | |a cze | |
| 044 | |a CZ | ||
| 245 | 1 | 0 | |a Sociální politika v ekonomické praxi |b vybrané problémy |c Jaroslava Durdisová a kol. |
| 264 | 1 | |a Praha |b Vysoká škola ekonomická. Nakladatelství Oeconomica |c 2005 | |
| 300 | |a 246 s. | ||
| 610 | 2 | 0 | |a politika sociálna |
| 610 | 2 | 0 | |a ekonómia |
| 610 | 2 | 0 | |a práva sociálne |
| 610 | 2 | 0 | |a chudoba |
| 610 | 2 | 0 | |a príjmy |
| 610 | 2 | 0 | |a nerovnosť |
| 610 | 2 | 0 | |a politika zamestnanosti |
| 610 | 2 | 0 | |a zabezpečenie sociálne |
| 610 | 2 | 0 | |a príspevky sociálne |
| 610 | 2 | 0 | |a poistenie dôchodkové |
| 610 | 2 | 0 | |a poistenie nemocenské |
| 610 | 2 | 0 | |a štát |
| 610 | 2 | 0 | |a podpory |
| 610 | 2 | 0 | |a pomoc sociálna |
| 610 | 2 | 0 | |a starostlivosť zdravotná |
| 610 | 2 | 0 | |a bývanie |
| 610 | 2 | 0 | |a ukazovatele |
| 610 | 2 | 0 | |a Česko |
| 100 | 1 | |a Durdisová, Jaroslava | |